000 00489cam a2200181ua 4500
003 OSt
008 220924b |||||||| |||| 00| 0 eng d
020 _a81 7023 178 7
041 _aeng
082 _a631.584 1
_bKAH/EC
100 _aKahlon, A S .
_95260
245 _aEconomics of farm management in India: theory and practice /
250 _a1 /
260 _aMumbai :
_bAllied Publishers Pvt Ltd ,
_c1980.
300 _a424 ; .
700 1 _aKaram, Singh .
_95261
942 _cBK
999 _c9450
_d9450